| 000 | 01096nam a2200289 i 4500 | ||
|---|---|---|---|
| 001 | 000044739 | ||
| 003 | DO-SdBNP | ||
| 005 | 20240313133356.0 | ||
| 007 | ta | ||
| 008 | 110715s2007 dr 000 0 spa d | ||
| 040 |
_aDO-SdBNP _bspa _cBNPHU _erda |
||
| 082 | 4 | _222 | |
| 100 | 1 |
_aRodríguez Carpio, Benjamín, _d1971- _958367 _eautor |
|
| 245 | 1 | 0 |
_aDerecho notarial : _bteoría- prácitica- legislación fiscal / _cBenjamín Rodríguez Carpio; prólogo, Artagnan Pérez Méndez. |
| 264 |
_aSanto Domingo : _bComisionado de apoyo a la reforma y modernización de la justicia. _c2007. |
||
| 300 |
_a335 páginas ; _c27 cm. |
||
| 336 |
_2rdacontent _atexto _btxt |
||
| 337 |
_2rdamedia _asin mediación _bnc |
||
| 338 |
_2rdacarrier _avolumen _bn |
||
| 500 | _aIncluye datos biográficos del autor en la contracubierta | ||
| 500 | _aIncluye referencias bibliográficas y notas al pie de las páginas | ||
| 504 | _aBibliografía : p. 327-335 | ||
| 590 | _aInventariado, 2023/BT | ||
| 700 | 1 |
_aPèrez Mèndez, Artagnan, _d1929-2017 _eprólogo _977104 |
|
| 910 | _aBtavárez | ||
| 942 |
_2ddc _cLBS1 |
||
| 999 |
_c44228 _d44228 |
||